000 00778pam a2200241 a 4500
001 2600712
005 20171221090635.0
008 971230s1999 nyua b 001 0 eng
010 _a 97052381
020 _a0321013395 (pbk.)
040 _aDLC
_cDLC
_dDLC
041 _aeng
043 _an-us---
080 _a372.6044 MAR
082 0 0 _a372.6044 MAR
_221
100 1 _a46
101 _aEDU
245 0 0 _aClassrooms that work :
_cPatricia M. Cunningham, Richard L. Allington.
504 _aIncludes bibliographical references (p. 271-274) and index.
906 _a7
_bcbc
_corignew
_d1
_eocip
_f19
_gy-gencatlg
942 _2ddc
_cBK
999 _c39289
_d39289